00580nam a2200169 a 4500008004100000020001800041050001900059100001900078245011900097260003000216300001900246350000900265650003700274650004000311650003600351700002300387100119s2007 ||||||||||||||||| || u a9780750680226 aNA 2542.35 Kwo aKwok, Alison G14aThe green studio handbook: environmental strategies for schematic designcby Alison G. Kwok and Walter T. Grondzik aAmsterdambElsevierc2007 ax, 378p.: ill. a0.00 aARCHITECTURAL DESIGN--EVALUATION aARCHITECTURE--ENVIRONMENTAL ASPECTS aARCHITECTURE--DESIGNS AND PLANS aGrondzik, Walter T